00394nam a2200133Ia 4500003000400000008004100004020002300045040000800068100002300076245010400099260003000203300001500233365001200248LDD181029s9999 xx 000 0 und d a415910781cP 17.95 cLDD aDaniels, Robert V. 4aThe fourth revolutionbtransformation in american society from the sixities to tcRobert V. Daniels aNew YorkbRoutledgec2006 axiii, 275p bP 17.95